| 000 | 00514nam a2200193 a 4500 | ||
|---|---|---|---|
| 001 | 1765258854210 | ||
| 003 | YourLibrary | ||
| 005 | 20251209111236.0 | ||
| 008 | 251209s2004##################000#0#eng## | ||
| 020 | _a9781593370343 | ||
| 082 | 0 | 4 |
_a616.692 _bWEI |
| 100 | 1 |
_aWeiss, Robin Elise, _eauthor. |
|
| 245 | 1 | 0 | _aThe Everything Getting Pregnant Book : |
| 260 |
_bAdams Media, _c2004. |
||
| 300 | _a304 pages | ||
| 650 | 0 | _aHealth & Fitness. | |
| 942 | _cENGLISH | ||
| 040 |
_aYourLibrary _beng _cYourLibrary |
||
| 999 |
_c601733 _d601733 |
||